Пособие для изучения правил технической эксплуатации электрических станций и сетей. Электрическое оборудование

গ্রন্থ-পঞ্জীর বিবরন
অন্যান্য লেখক: Коган Ф. Л. (редактор)
ভাষা:রুশ
প্রকাশিত: Москва, НЦ ЭНАС, 2004
বিষয়গুলি:
বিন্যাস: গ্রন্থ
KOHA link:https://koha.lib.tpu.ru/cgi-bin/koha/opac-detail.pl?biblionumber=66599

MARC

LEADER 00000nam0a2200000 4500
001 66599
005 20231101212252.0
010 |a 5931963944 
035 |a (RuTPU)RU\TPU\book\70805 
090 |a 66599 
100 |a 20040831d2004 km y0rusy50 ca 
101 0 |a rus 
102 |a RU 
105 |a y jz 000zy 
200 1 |a Пособие для изучения правил технической эксплуатации электрических станций и сетей. Электрическое оборудование  |f под ред. Ф. Л. Когана 
210 |a Москва  |c НЦ ЭНАС  |d 2004 
215 |a 352 с. 
451 1 |0 (RuTPU)RU\TPU\book\118470  |y 5-93196-394-4  |t Пособие для изучения правил технической эксплуатации электрических станций и сетей. Электрическое оборудование  |f под ред. Ф. Л. Когана  |c М.  |n НЦ Энас  |d 2006  |p 351 с. 
451 1 |0 (RuTPU)RU\TPU\book\27451  |y 5-93196-025-2  |t Пособие для изучения правил технической эксплуатации электрических станций и сетей  |c М.  |n Изд-во НЦ ЭНАС  |d 2000  |p 356 с. 
451 |t Электрическое оборудование 
606 1 |a Электрические станции  |x Электрооборудование  |2 stltpush  |3 (RuTPU)RU\TPU\subj\27642  |9 51365 
606 1 |a Электрические сети  |x Эксплуатация  |x Противоаварийные мероприятия  |2 stltpush  |3 (RuTPU)RU\TPU\subj\27435  |9 51193 
610 1 |a генераторы 
610 1 |a синхронные компенсаторы 
610 1 |a электродвигатели 
610 1 |a силовые трансформаторы 
610 1 |a масляные шунтирующие реакторы 
610 1 |a распределительные устройства 
610 1 |a аккумуляторные установки 
610 1 |a конденсаторные установки 
610 1 |a воздушные линии электропередачи 
610 1 |a силовые кабельные линии 
610 1 |a релейная защита 
610 1 |a электроавтоматика 
610 1 |a заземляющие устройства 
610 1 |a перенапряжения 
610 1 |a защита 
610 1 |a освещение 
610 1 |a электролизные установки 
610 1 |a энергетические масла 
610 1 |a правила 
610 1 |a изучение 
610 1 |a учебные пособия 
675 |a 621.311.2.002.5-83(07)  |v 3 
675 |a 621.311.1.004(07)  |v 3 
702 1 |a Коган  |b Ф. Л.  |4 340 
801 1 |a RU  |b 63413507  |c 20040831  |g PSBO 
801 2 |a RU  |b 63413507  |c 20130325  |g PSBO 
900 |a Электрооборудование промышленности 
942 |c BK